| 000 | 00889cam a22003254a 4500 | ||
|---|---|---|---|
| 001 | 14010826 | ||
| 003 | OSt | ||
| 005 | 20161102141041.0 | ||
| 008 | 050621s2006 stka 001 0 eng | ||
| 010 | _a 2005049670 | ||
| 015 |
_aGBA601399 _2bnb |
||
| 016 | 7 |
_a013348485 _2Uk |
|
| 020 | _a044310199X | ||
| 035 | _a(OCoLC)ocm60835555 | ||
| 040 |
_aDNLM/DLC _cDLC _dUKM _dBWKUK _dDLC |
||
| 042 | _apcc | ||
| 050 | 1 | 0 |
_aRJ48.2 _b.R63 2006 |
| 060 | 1 | 0 |
_aWS 18.2 _bR651z 2006 |
| 082 | 0 | 0 |
_aW 100 R54q 2006 _222 |
| 100 | 1 |
_aRobertson, J. L.; A.P. Hughes. _92017 |
|
| 245 | 1 | 0 | _a250 questions for the MRCPCH Part 2 |
| 250 | _a2nd ed. | ||
| 260 |
_aEdinburgh ; _bElsevier _c2006. |
||
| 300 |
_aix, 237 p. : _bill. ; _c24 cm. |
||
| 500 | _aIncludes index. | ||
| 650 | 0 |
_aPediatrics _92018 |
|
| 650 | 2 |
_aMCQs _92019 |
|
| 906 |
_a7 _bcbc _corignew _d1 _eocip _f20 _gy-gencatlg |
||
| 942 |
_2z _cSLOAN |
||
| 999 |
_c757 _d757 |
||